Communicating Confidently in English / (Record no. 5180)

MARC details
000 -LEADER
fixed length control field 00771nam a22002057a 4500
003 - CONTROL NUMBER IDENTIFIER
control field OSt
005 - DATE AND TIME OF LATEST TRANSACTION
control field 20251027064134.0
008 - FIXED-LENGTH DATA ELEMENTS--GENERAL INFORMATION
fixed length control field 251027b |||||||| |||| 00| 0 eng d
020 ## - INTERNATIONAL STANDARD BOOK NUMBER
International Standard Book Number 978-971-46-2125-1
040 ## - CATALOGING SOURCE
Original cataloging agency DWCL - Main Lib
Transcribing agency OC
082 ## - DEWEY DECIMAL CLASSIFICATION NUMBER
Classification number Res. 400 E79 2024
100 ## - MAIN ENTRY--PERSONAL NAME
Personal name Esleta, Leonell L. [and three others]
245 ## - TITLE STATEMENT
Title Communicating Confidently in English /
Statement of responsibility, etc. Leonell L. Esleta [and three others]
260 ## - PUBLICATION, DISTRIBUTION, ETC.
Place of publication, distribution, etc. Makati City , Philippines :
Name of publisher, distributor, etc. Diwa Learning Systems Inc.,
Date of publication, distribution, etc. c2024.
300 ## - PHYSICAL DESCRIPTION
Extent 288 pages ,
Other physical details illustrations (some colors) ;
Dimensions 25 cm.
490 ## - SERIES STATEMENT
Series statement Junior High School series
650 ## - SUBJECT ADDED ENTRY--TOPICAL TERM
Topical term or geographic name entry element 1. English - Study and Teaching
700 ## - ADDED ENTRY--PERSONAL NAME
Personal name I. Jo Liza R. Santiago II. Amalia A. Manlapao III. Honeylen Mei G. Libunao
942 ## - ADDED ENTRY ELEMENTS (KOHA)
Source of classification or shelving scheme Dewey Decimal Classification
Koha item type Book- Reserved
Call number suffix Res.
Suppress in OPAC No
952 ## - LOCATION AND ITEM INFORMATION (KOHA)
--
952 ## - LOCATION AND ITEM INFORMATION (KOHA)
--
Holdings
Withdrawn status Lost status Source of classification or shelving scheme Damaged status Not for loan Home library Current library Date acquired Source of acquisition Total Checkouts Full call number Barcode Date last seen Copy number Price effective from Koha item type Uniform Resource Identifier
    Dewey Decimal Classification     Junior High School Library Junior High School Library 09/11/2024 School Fund   Res. 400 E79 2024 JHS - 21401 10/27/2025 c2 10/27/2025 BK-0 CIRC
    Dewey Decimal Classification     Junior High School Library Junior High School Library 09/11/2024 School Fund   Res. 400 E79 2024 JHS - 21400 10/27/2025 c1 10/27/2025 BK-0 CIRC